Devine le réseau social - Statistiques

Statistiques générales
  • Ce quiz a été pris 149 fois
  • Le résultat moyen est 11 sur 12
Statistiques - réponses
Par images Réponse % Correct
facebook
100%
snapchat
100%
instagram
99%
twitter
99%
tiktok
98%
whatsapp
98%
messenger
97%
pinterest
93%
skype
86%
twitch
81%
linkedin
79%
bereal
53%
Aucun quiz correspondant
Distribution des résultats
% des personnes avec chaque résultat
Percentile par nombre de réponses
Votre historique - résultats
Vous n’avez pas pris ce quiz